000 01006cam a2200289 a 4500
001 16354491
003 OSt
005 20231123161218.0
008 100729s2011 flua 001 0 eng
010 _a 2010029745
020 _a9781439813379 (pbk. : alk. paper)
020 _a143981337X (pbk. : alk. paper)
035 _a(OCoLC)ocn651153715
040 _aDLC
_cDLC
_dYDX
_dYDXCP
_dBWX
_dCDX
_dDLC
050 0 0 _aQD33.2
_b.K46 2011
082 0 0 _a540
_bKEN/B
100 1 _aKenkel, John
_99945
245 1 0 _aBasic chemistry concepts and exercises /
_cJohn Kenkel.
260 _aBoca Raton :
_bCRC Press,
_cc2011.
300 _axx, 448 p. :
_bill. ;
_c24 cm.
500 _aIncludes index.
650 0 _aChemistry
_vTextbooks.
650 0 _aChemistry
_vProblems, exercises, etc.
906 _a7
_bcbc
_corignew
_d1
_eecip
_f20
_gy-gencatlg
942 _2ddc
_cBK
_h540
_iKEN/B
_k540
_mKEN/B
999 _c41870
_d41870